00509 2200169 4500001002100000005001500021035002000036245009100056100002200147300002800169260004500197082000800242084001400250020002200264008004100286990001200327INLIS00000000000316120251126115517 a0010-11250000221 aEnsiklopedia Teknologi Tepat Guna :bKomputer dan Alat Komunikasi /cAde Arief Rakhman0 aAde Arief Rakhman a106 hlm ;c17,5 x 25 cm aJakarta :bPT. Listafariska Putra,c2014 a620 a620 ADE e a978-602-9232-20-2251126 0  a0750966